LIBRARY & INFORMATION CENTRE, KCAET, TAVANUR

ONLINE PUBLIC ACCESS CATALOGUE (OPAC)

Analysis of Structures / (Record no. 5549)

MARC details
000 -LEADER
fixed length control field 00322cam a2200133ua 4500
082 ## - DEWEY DECIMAL CLASSIFICATION NUMBER
Classification number 624.171
Item number VAZ/AN
100 ## - MAIN ENTRY--AUTHOR NAME
Personal name Vazirani, V N .
245 ## - TITLE STATEMENT
Title Analysis of Structures /
250 ## - EDITION STATEMENT
Edition statement 1 /
260 ## - PUBLICATION, DISTRIBUTION, ETC. (IMPRINT)
Place of publication Delhi :
Name of publisher Khanna Publishers ,
Year of publication 1965.
300 ## - PHYSICAL DESCRIPTION
Number of Pages 602 ; .
700 1# - ADDED ENTRY--PERSONAL NAME
Personal name Ratwani, M. M .
942 ## - ADDED ENTRY ELEMENTS (KOHA)
Koha item type Books
Holdings
Withdrawn status Lost status Damaged status Home library Current library Date acquired Full call number Accession Number Koha item type Public note Cost, normal purchase price
Withdrawn     KAUAET KAUAET 07/04/2012 624.171 VAZ/AN 9895 Books Deleted  
      KAUAET KAUAET 07/04/2012 624.171 VAZ/AN 11325 Books   15.00
      KAUAET KAUAET 19/12/2024 624.171 VAZ/AN 11320 Books   15.00
      KAUAET KAUAET 19/12/2024 624.171 VAZ/AN 11323 Books   15.00
free website counter